[Event "Stuttgarter Stadtmeisterschaft 2010 A"]
[Site "Ditzingen"]
[Date "2010.05.14"]
[Round "3.34"]
[White "Aksenov, Pavel"]
[Black "Kvetny, Mark"]
[Result "1-0"]
[WhiteElo "2105"]
[BlackElo "1916"]
[PlyCount "47"]
[EventDate "2010.??.??"]
[BlackTeam "SV Altbach e.V."]

1. d4 e6 2. c4 b6 3. Nc3 Bb7 4. a3 f5 5. Bf4 Nf6 6. e3 g6 7. Nf3 Bg7 8. Be2 O-O
9. Qb3 Kh8 10. h4 d6 11. Ng5 Qe7 12. h5 e5 13. dxe5 dxe5 14. hxg6 c5 15. Nxh7
Bxg2 16. Rh2 Nxh7 17. Rxh7+ Kg8 18. Bh6 Rf7 19. O-O-O Nc6 20. Rg1 Na5 21. Qc2
Qh4 22. Bxg7 Qxf2 23. gxf7+ Kxh7 24. Rxg2 1-0

[Event "Stuttgarter Stadtmeisterschaft 2010 A"]
[Site "Ditzingen"]
[Date "2010.05.14"]
[Round "3.31"]
[White "Muth, Roland"]
[Black "Schmid, Eugen"]
[Result "1-0"]
[WhiteElo "2125"]
[BlackElo "1974"]
[PlyCount "79"]
[EventDate "2010.??.??"]
[WhiteTeam "Sabt SpVgg Rommelshausen"]
[BlackTeam "SV Herrenberg e.V."]

1. e4 e6 2. d4 d5 3. Nc3 Nf6 4. e5 Nfd7 5. f4 c5 6. Nf3 Nc6 7. Be3 a6 8. Qd2
cxd4 9. Nxd4 Nxd4 10. Bxd4 Bc5 11. Ne2 Qc7 12. c3 O-O 13. Ng3 f6 14. exf6 Nxf6
15. Bd3 Bd7 16. O-O Rac8 17. Rae1 Qb6 18. Bxc5 Qxc5+ 19. Kh1 Rce8 20. Rf3 Bc6
21. Bb1 Qb6 22. Rd3 g6 23. h3 Ne4 24. Nxe4 dxe4 25. Rd4 e5 26. fxe5 e3 27. Qxe3
Qxb2 28. Rd2 Qb5 29. Bd3 Qa5 30. Bc4+ Kg7 31. e6 Qh5 32. Qd4+ Kh6 33. Qe3+ Kg7
34. e7 Rf6 35. Kg1 Qh4 36. Rd4 Qh5 37. Rd8 Qh4 38. Bd5 Qa4 39. c4 Bd7 40. Qe5
1-0

[Event "Stuttgarter Stadtmeisterschaft 2010 A"]
[Site "Ditzingen"]
[Date "2010.05.14"]
[Round "3.40"]
[White "Schröder, Jan-Christian"]
[Black "Naumann, Axel"]
[Result "1-0"]
[WhiteElo "1965"]
[BlackElo "2209"]
[PlyCount "103"]
[EventDate "2010.??.??"]
[WhiteTeam "SV Lahn Limburg"]
[BlackTeam "Stuttgarter SF 1879"]

1. e4 e5 2. Nf3 Nc6 3. Bb5 a6 4. Ba4 Nf6 5. O-O b5 6. Bb3 Be7 7. Re1 O-O 8. d4
exd4 9. e5 Ne8 10. c3 dxc3 11. Nxc3 Bb7 12. a4 b4 13. Nd5 Kh8 14. Nxe7 Qxe7 15.
Bg5 Qc5 16. Rc1 Qa5 17. Qxd7 f6 18. exf6 Nxf6 19. Bxf6 Rxf6 20. Re8+ Rf8 21.
Rce1 Qh5 22. Rxf8+ Rxf8 23. Qxc7 Na5 24. Qd6 Re8 25. Rxe8+ Qxe8 26. Bd5 Bxd5
27. Qxd5 Nc6 28. g3 h6 29. Kg2 a5 30. b3 Qg6 31. Nd2 Qc2 32. Nc4 Ne7 33. Qa8+
Kh7 34. Qf3 Nf5 35. Nxa5 Nd4 36. Qd5 Qc3 37. Nc4 Nc2 38. Qe4+ Kh8 39. Qe8+ Kh7
40. Qe4+ Kh8 41. a5 Qxb3 42. a6 Ne1+ 43. Qxe1 Qxc4 44. Qe8+ Kh7 45. Qa8 b3 46.
Qb7 b2 47. a7 Qc2 48. a8=Q b1=Q 49. Qd5 Qb6 50. Qag8+ Kg6 51. Qdf7+ Kg5 52.
Qgxg7+ 1-0

[Event "Stuttgarter Stadtmeisterschaft 2010 A"]
[Site "Ditzingen"]
[Date "2010.05.14"]
[Round "3.1"]
[White "Solodovnichenko, Yuri"]
[Black "Latzke, Boris Alexander"]
[Result "1/2-1/2"]
[WhiteElo "2578"]
[BlackElo "2264"]
[PlyCount "158"]
[EventDate "2010.??.??"]

1. e4 e5 2. Nf3 Nc6 3. Bb5 a6 4. Ba4 Nf6 5. O-O Nxe4 6. d4 b5 7. Bb3 d5 8. dxe5
Be6 9. Nbd2 Nc5 10. c3 d4 11. Bxe6 Nxe6 12. cxd4 Ncxd4 13. Ne4 Be7 14. Be3 Nf5
15. Qc2 O-O 16. Rad1 Nxe3 17. fxe3 Qc8 18. h3 c5 19. Nh2 Rd8 20. Qf2 Rf8 21.
Ng4 Qc7 22. Nd6 Rad8 23. Nf5 c4 24. Kh1 h5 25. Nf6+ Bxf6 26. exf6 g6 27. Ne7+
Kh7 28. Qe2 Rxd1 29. Rxd1 Rd8 30. Rf1 Rd7 31. e4 Qg3 32. Nd5 Qd3 33. Qxd3 cxd3
34. Rd1 Nc5 35. Kg1 g5 36. b4 Nxe4 37. Rxd3 Rd6 38. h4 gxh4 39. Re3 Rxd5 40.
Rxe4 Rd2 41. Re5 Rxa2 42. Rxh5+ Kg6 43. Rxh4 Kxf6 44. Kh2 Ke5 45. Kh3 f5 46. g3
Rd2 47. Rh5 Rd4 48. Rh6 Rxb4 49. Rxa6 Rc4 50. Kg2 Ke4 51. Re6+ Kd5 52. Rf6 Ke5
53. Rb6 Rc5 54. Rh6 Kd4 55. Rh4+ Kc3 56. Rh3 Kc2 57. Rh4 Kb3 58. Rh3 Ka4 59.
Kf3 b4 60. Ke3 b3 61. Kd4 Rc8 62. Rh7 b2 63. Rb7 Ka3 64. Rb5 Ka2 65. Rxf5 b1=Q
66. Ra5+ Kb2 67. Rb5+ Kc2 68. Rxb1 Kxb1 69. Ke5 Rg8 70. Kf4 Kc2 71. g4 Kd3 72.
g5 Kd4 73. Kf5 Kd5 74. Kf6 Kd6 75. g6 Rf8+ 76. Kg7 Ke7 77. Kh7 Kf6 78. g7 Rf7
79. Kh8 Rxg7 1/2-1/2

[Event "Stuttgarter Stadtmeisterschaft 2010 A"]
[Site "Ditzingen"]
[Date "2010.05.14"]
[Round "3.2"]
[White "Ikonnikov, Viacheslav"]
[Black "Dudek, Richard"]
[Result "1-0"]
[WhiteElo "2558"]
[BlackElo "2258"]
[PlyCount "57"]
[EventDate "2010.??.??"]

1. d4 Nf6 2. Nf3 e6 3. c4 b6 4. g3 Bb7 5. Bg2 Be7 6. O-O O-O 7. Nc3 Ne4 8. Bd2
Bf6 9. Rc1 d6 10. d5 Nxc3 11. Bxc3 Bxc3 12. Rxc3 e5 13. e4 Bc8 14. Nd2 a5 15.
f4 f6 16. f5 g5 17. fxg6 hxg6 18. h4 Kg7 19. h5 Bd7 20. hxg6 Be8 21. Nf3 Bxg6
22. Nh4 Bh7 23. Bh3 Kh8 24. Bf5 Bxf5 25. Nxf5 Rf7 26. Kg2 Rh7 27. Rh1 Qg8 28.
Rxh7+ Qxh7 29. Rc1 1-0

[Event "Stuttgarter Stadtmeisterschaft 2010 A"]
[Site "Ditzingen"]
[Date "2010.05.14"]
[Round "3.4"]
[White "Lobzhanidze, Davit"]
[Black "Nabavi, Parwis"]
[Result "1/2-1/2"]
[WhiteElo "2510"]
[BlackElo "2194"]
[PlyCount "81"]
[EventDate "2010.??.??"]

1. e4 e5 2. Nf3 Nc6 3. Bc4 Bc5 4. c3 Nf6 5. d3 d6 6. O-O a6 7. Bb3 Ba7 8. Be3
h6 9. Nbd2 O-O 10. h3 Nh5 11. Bxa7 Rxa7 12. Nxe5 Nxe5 13. Qxh5 Nxd3 14. f4 Nc5
15. Bc2 Bd7 16. b4 Ne6 17. Qf3 Ra8 18. Qd3 Re8 19. f5 Nf8 20. f6 g6 21. Qe3 Kh7
22. h4 Bg4 23. Qg3 h5 24. Bb3 Nd7 25. Bxf7 Rf8 26. Bb3 Nxf6 27. e5 dxe5 28.
Qxe5 Qxd2 29. Rxf6 Rxf6 30. Qe7+ Kh6 31. Qxf6 Qd6 32. Qg5+ Kg7 33. Re1 Rh8 34.
Re7+ Kf8 35. Rf7+ Ke8 36. Rf6 Qg3 37. Qxg6+ Kd8 38. Rf2 Qxc3 39. Bg8 Qe1+ 40.
Rf1 Qe7 41. Rf7 1/2-1/2

[Event "Stuttgarter Stadtmeisterschaft 2010 A"]
[Site "Ditzingen"]
[Date "2010.05.14"]
[Round "3.5"]
[White "Gutman, Lev"]
[Black "Aring, Gerd"]
[Result "1-0"]
[WhiteElo "2454"]
[BlackElo "2190"]
[PlyCount "115"]
[EventDate "2010.??.??"]

1. Nf3 Nf6 2. g3 g6 3. Bg2 Bg7 4. O-O O-O 5. d4 d6 6. b3 Bg4 7. Bb2 Qc8 8. Re1
Bxf3 9. Bxf3 Nfd7 10. Nc3 c6 11. Qd2 d5 12. e4 dxe4 13. Nxe4 Nf6 14. Nc5 e6 15.
Qb4 b6 16. Nd3 Nd5 17. Qd2 Nd7 18. c4 Ne7 19. Rac1 Qd8 20. Rcd1 Rc8 21. Bg2 Re8
22. Qe2 Nf5 23. Nb4 Nb8 24. Qd2 Nxd4 25. Bxd4 Bxd4 26. Nxc6 Nxc6 27. Bxc6 Rxc6
28. Qxd4 Qxd4 29. Rxd4 Rc7 30. Kg2 h5 31. Kf3 Rb8 32. Red1 Kf8 33. Rd8+ Rxd8
34. Rxd8+ Ke7 35. Ra8 Rd7 36. Ke4 Kf6 37. a4 a5 38. Ra6 Rb7 39. h4 Rb8 40. Ra7
Rc8 41. Rd7 Rc6 42. f3 Rc8 43. Rb7 Rc6 44. g4 hxg4 45. fxg4 e5 46. Rb8 Rd6 47.
g5+ Ke6 48. Re8+ Kd7 49. Rxe5 Kc6 50. Re7 f6 51. h5 fxg5 52. h6 Rd1 53. Re6+
Kc5 54. Rxg6 Rh1 55. Kf5 Rh3 56. Kg4 Rh4+ 57. Kxg5 Rh3 58. Kg4 1-0

[Event "Stuttgarter Stadtmeisterschaft 2010 A"]
[Site "Ditzingen"]
[Date "2010.05.14"]
[Round "3.6"]
[White "Schulte, Torsten"]
[Black "Zeller, Frank"]
[Result "0-1"]
[WhiteElo "2164"]
[BlackElo "2420"]
[PlyCount "40"]
[EventDate "2010.??.??"]

1. d4 Nf6 2. c4 c5 3. Nf3 e6 4. Nc3 cxd4 5. Nxd4 Bc5 6. Nb3 Bb4 7. Bd2 O-O 8.
a3 Be7 9. e4 Nc6 10. Be2 d5 11. exd5 exd5 12. cxd5 Nxd5 13. O-O Be6 14. Rc1 Nb6
15. Ne4 Nd4 16. Nbc5 Bd5 17. Bb4 Bxc5 18. Nxc5 Qg5 19. g3 Qxc1 20. Qxd4 Qh6 0-1

[Event "Stuttgarter Stadtmeisterschaft 2010 A"]
[Site "Ditzingen"]
[Date "2010.05.14"]
[Round "3.8"]
[White "Scherer, Holger"]
[Black "Holzhäuer, Mathias"]
[Result "0-1"]
[WhiteElo "2082"]
[BlackElo "2284"]
[PlyCount "94"]
[EventDate "2010.??.??"]

1. e4 d5 2. exd5 Nf6 3. d4 Bg4 4. Be2 Bxe2 5. Nxe2 Qxd5 6. O-O Nc6 7. c3 O-O-O
8. Qb3 e6 9. Qxd5 Nxd5 10. Nf4 e5 11. Nxd5 Rxd5 12. dxe5 Nxe5 13. Nd2 Be7 14.
Nb3 Nc4 15. Rb1 f5 16. Re1 Bf6 17. Be3 Re8 18. Kf1 Re4 19. Bc1 Rxe1+ 20. Kxe1
a5 21. Nd2 Nd6 22. Nf3 Rb5 23. Nd2 a4 24. a3 Rd5 25. Nf3 Nc4 26. Nd2 Ne5 27.
Ke2 g6 28. Nf1 Rb5 29. Nd2 Rd5 30. Nf1 Nc4 31. Nd2 Nxd2 32. Bxd2 Kd7 33. Be3
Kc6 34. Rd1 Rxd1 35. Kxd1 Kd5 36. Kd2 Be5 37. f4 Bf6 38. Kd3 b5 39. Bd4 Bxd4
40. cxd4 h6 41. g3 h5 42. h3 h4 43. gxh4 c6 44. h5 gxh5 45. h4 c5 46. dxc5 Kxc5
47. Kc3 b4+ 0-1

[Event "Stuttgarter Stadtmeisterschaft 2010 A"]
[Site "Ditzingen"]
[Date "2010.05.14"]
[Round "3.10"]
[White "Petermann, Michail"]
[Black "Schmittdiel, Eckhard"]
[Result "0-1"]
[WhiteElo "2060"]
[BlackElo "2473"]
[PlyCount "88"]
[EventDate "2010.??.??"]

1. e4 c5 2. Nf3 Nc6 3. d4 cxd4 4. Nxd4 e6 5. c4 Nf6 6. Nc3 Bb4 7. Nxc6 dxc6 8.
Qxd8+ Kxd8 9. e5 Nd7 10. f4 Bxc3+ 11. bxc3 c5 12. Be2 b6 13. Be3 Bb7 14. Kf2
Ke7 15. a4 Rhd8 16. Rhd1 f6 17. exf6+ Nxf6 18. Bf3 Bxf3 19. Kxf3 Rxd1 20. Rxd1
Ne8 21. Bf2 Nd6 22. g4 Nxc4 23. Bh4+ Ke8 24. Ke4 Rc8 25. Rd3 Nb2 26. Rd6 Nxa4
27. Rxe6+ Kf8 28. c4 Re8 29. f5 Nc3+ 30. Kd3 Na2 31. Rxe8+ Kxe8 32. Bg3 Nb4+
33. Ke4 Nc6 34. Be1 a5 35. Bc3 Kf7 36. g5 g6 37. h4 gxf5+ 38. Kxf5 Nd4+ 39. Ke5
Kg6 40. Kd6 a4 41. Kc7 a3 42. Kxb6 Nb3 43. Kb5 a2 44. Bb2 Kh5 0-1

[Event "Stuttgarter Stadtmeisterschaft 2010 A"]
[Site "Ditzingen"]
[Date "2010.05.14"]
[Round "3.11"]
[White "Donchenko, Anatoly"]
[Black "Lipecki, Alexander"]
[Result "1/2-1/2"]
[WhiteElo "2395"]
[BlackElo "2140"]
[PlyCount "101"]
[EventDate "2010.??.??"]

1. Nf3 Nf6 2. d4 d6 3. g3 g6 4. Bg2 Bg7 5. O-O O-O 6. b3 e6 7. Nbd2 Nbd7 8. Bb2
Rb8 9. e4 b5 10. Qe2 Bb7 11. e5 Ne8 12. Rfd1 Qc8 13. Rac1 Bd5 14. Ba1 b4 15. c3
bxc3 16. Bxc3 Qb7 17. Nc4 Qa6 18. Rc2 Bh6 19. Bd2 Bg7 20. Bf4 Bxf3 21. Bxf3 d5
22. Nd2 Qa5 23. Bg5 Kh8 24. Be7 Rg8 25. Bg2 Bf8 26. Bxf8 Rxf8 27. Rdc1 Rc8 28.
Qe3 Ng7 29. Qc3 Qa6 30. Bf1 Qa3 31. b4 Qxc3 32. Rxc3 Nf5 33. Rxc7 Nb6 34. Nb3
Nc4 35. Rxa7 Nd2 36. Rxc8 Nf3+ 37. Kg2 Ne1+ 38. Kh3 Rxc8 39. b5 Rc2 40. b6 Rxf2
41. b7 Nf3 42. b8=Q+ Kg7 43. Rxf7+ Kxf7 44. Qc7+ Kg8 45. Qd8+ Kg7 46. Qf6+ Kh6
47. Qf8+ Kg5 48. Qd8+ Kh6 49. Qf8+ Kg5 50. Qd8+ Kh6 51. Qf8+ 1/2-1/2

[Event "Stuttgarter Stadtmeisterschaft 2010 A"]
[Site "Ditzingen"]
[Date "2010.05.14"]
[Round "3.12"]
[White "Strunski, Andreas"]
[Black "Bräuner, Uwe"]
[Result "1-0"]
[WhiteElo "2378"]
[BlackElo "2122"]
[PlyCount "79"]
[EventDate "2010.??.??"]

1. d4 Nf6 2. c4 c5 3. d5 g6 4. Nc3 d6 5. Nf3 Bg7 6. h3 O-O 7. Bf4 a6 8. a4 Qa5
9. Nd2 Nh5 10. Bg5 Re8 11. g4 Nf6 12. e3 Nbd7 13. Be2 e6 14. Ra3 exd5 15. cxd5
Ne4 16. Nc4 Nxc3 17. bxc3 Qc7 18. Qb1 Rb8 19. Bf4 Ne5 20. Qb6 Qxb6 21. Nxb6 Rd8
22. Kd2 Bd7 23. Rb1 Be8 24. Rab3 f6 25. a5 h6 26. Bg3 Nf7 27. Bd3 Ne5 28. Be2
Nf7 29. Nc4 Bb5 30. Na3 Bxe2 31. Kxe2 f5 32. gxf5 gxf5 33. Kd3 Ne5+ 34. Bxe5
dxe5 35. e4 fxe4+ 36. Kxe4 Rf8 37. d6 Rxf2 38. Rxb7 Rd8 39. Nc4 Bf8 40. Rb8 1-0

[Event "Stuttgarter Stadtmeisterschaft 2010 A"]
[Site "Ditzingen"]
[Date "2010.05.14"]
[Round "3.13"]
[White "Gheng, Josef"]
[Black "Pogan, Nikolas"]
[Result "1-0"]
[WhiteElo "2321"]
[BlackElo "2119"]
[PlyCount "53"]
[EventDate "2010.??.??"]

1. e4 c6 2. d4 d5 3. Nc3 dxe4 4. Nxe4 Nd7 5. Bc4 Ngf6 6. Ng5 e6 7. N5h3 Nb6 8.
Bb3 h6 9. Nf3 c5 10. c3 cxd4 11. Nxd4 Bc5 12. O-O O-O 13. Nf3 Qxd1 14. Rxd1 Bd7
15. Ne5 Ba4 16. Nf4 Bxb3 17. axb3 Rfd8 18. Rxd8+ Rxd8 19. Nfd3 Ng4 20. Bf4 Nxe5
21. Nxc5 Ng6 22. Be3 e5 23. Nxb7 Rd5 24. c4 Rd3 25. Nc5 Rd8 26. g3 f5 27. Nb7
1-0

[Event "Stuttgarter Stadtmeisterschaft 2010 A"]
[Site "Ditzingen"]
[Date "2010.05.14"]
[Round "3.17"]
[White "Zhou, Syang"]
[Black "Bluma, Marcel"]
[Result "1-0"]
[WhiteElo "2206"]
[BlackElo "2095"]
[PlyCount "75"]
[EventDate "2010.??.??"]

1. a3 e5 2. c4 Nf6 3. d3 Bc5 4. Nf3 d6 5. g3 O-O 6. Bg2 Nc6 7. O-O a5 8. Nc3
Ne7 9. Bg5 Ne8 10. b4 Bb6 11. Nd5 f6 12. Nxb6 cxb6 13. Bd2 Nc6 14. d4 Bg4 15.
dxe5 axb4 16. exf6 Nxf6 17. axb4 Rxa1 18. Qxa1 Qd7 19. Bc3 Ne4 20. b5 Nxc3 21.
Qxc3 Bxf3 22. Bxf3 Ne5 23. Bd5+ Kh8 24. Qd4 Ng6 25. Qxb6 Qg4 26. Bf3 Qxc4 27.
Qxb7 Ne5 28. Qe7 Rb8 29. Qxd6 Qxb5 30. Rd1 Nxf3+ 31. exf3 h6 32. Kg2 Qb3 33.
Re1 Rb6 34. Re8+ Kh7 35. Qd8 Rf6 36. Rh8+ Kg6 37. Qe8+ Kg5 38. h4+ 1-0

[Event "Stuttgarter Stadtmeisterschaft 2010 A"]
[Site "Ditzingen"]
[Date "2010.05.14"]
[Round "3.19"]
[White "Ydo, Pim"]
[Black "Hagemann, Tim"]
[Result "1/2-1/2"]
[WhiteElo "2111"]
[BlackElo "2164"]
[PlyCount "40"]
[EventDate "2010.??.??"]

1. d4 Nf6 2. c4 e6 3. Nc3 Bb4 4. Bg5 c5 5. Rc1 h6 6. Bh4 cxd4 7. Qxd4 Nc6 8.
Bxf6 Nxd4 9. Bxd8 Kxd8 10. g3 b6 11. Bg2 Rb8 12. e3 Nc6 13. Nf3 Bb7 14. O-O
Bxc3 15. Rxc3 d6 16. Rd1 Ke7 17. Nd4 Nxd4 18. Rxd4 Bxg2 19. Kxg2 Rb7 20. Rcd3
Rd8 1/2-1/2

[Event "Stuttgarter Stadtmeisterschaft 2010 A"]
[Site "Ditzingen"]
[Date "2010.05.14"]
[Round "3.22"]
[White "Seyfried, Claus"]
[Black "Stets, Dmitry"]
[Result "0-1"]
[WhiteElo "2067"]
[BlackElo "2450"]
[PlyCount "44"]
[EventDate "2010.??.??"]

1. e4 c5 2. Nf3 d6 3. d4 cxd4 4. Nxd4 Nf6 5. Nc3 g6 6. Be3 Bg7 7. f3 O-O 8. Qd2
Nc6 9. O-O-O Bd7 10. Kb1 Rc8 11. h4 Ne5 12. Bh6 Bxh6 13. Qxh6 Rxc3 14. bxc3 Qc7
15. Qd2 Rc8 16. h5 Nxh5 17. Bd3 Nf6 18. Rh4 Qxc3 19. Qxc3 Rxc3 20. Kb2 Rc5 21.
Nb3 Rc7 22. g4 Nxf3 0-1

[Event "Stuttgarter Stadtmeisterschaft 2010 A"]
[Site "Ditzingen"]
[Date "2010.05.14"]
[Round "3.28"]
[White "Stanescu, Christian"]
[Black "Stein, Carsten"]
[Result "0-1"]
[WhiteElo "2140"]
[BlackElo "1977"]
[PlyCount "40"]
[EventDate "2010.??.??"]

1. c4 e5 2. Nf3 Nc6 3. Nc3 f5 4. d4 e4 5. d5 exf3 6. dxc6 fxg2 7. cxd7+ Qxd7 8.
Bxg2 Qxd1+ 9. Nxd1 Bb4+ 10. Kf1 Nf6 11. b3 c6 12. a3 Be7 13. Nb2 Be6 14. Nd3
Rd8 15. Bb2 O-O 16. Rd1 Ne4 17. f3 Nc5 18. b4 Nxd3 19. exd3 Bxc4 20. Ke2 Rfe8
0-1

[Event "Stuttgarter Stadtmeisterschaft 2010 A"]
[Site "Ditzingen"]
[Date "2010.05.14"]
[Round "4.42"]
[White "Stiepan, Hans-Michael"]
[Black "Töws, Manuel"]
[Result "1/2-1/2"]
[WhiteElo "2135"]
[BlackElo "1910"]
[PlyCount "39"]
[EventDate "2010.??.??"]
[WhiteTeam "SAbt SV Jedesheim 1921"]
[BlackTeam "BG Buchen"]

1. d4 Nf6 2. Nf3 e6 3. c4 b6 4. g3 Bb7 5. Bg2 Be7 6. Nc3 O-O 7. Qc2 c5 8. e4
cxd4 9. Nxd4 d6 10. O-O Nbd7 11. Rd1 a6 12. e5 dxe5 13. Nxe6 fxe6 14. Bxb7 Ra7
15. Bf3 Bc5 16. Be3 Bxe3 17. fxe3 Qe7 18. Qe2 Rc7 19. Rac1 Rfc8 20. b3 1/2-1/2

[Event "Stuttgarter Stadtmeisterschaft 2010 A"]
[Site "Ditzingen"]
[Date "2010.05.14"]
[Round "4.61"]
[White "Rudhart, Michael"]
[Black "Steinhart, Matthias"]
[Result "1-0"]
[WhiteElo "1926"]
[BlackElo "1834"]
[PlyCount "79"]
[EventDate "2010.??.??"]
[WhiteTeam "SC Feuerbach e. V."]
[BlackTeam "Deutscher Blindenschachbund"]

1. Nc3 e5 2. Nf3 Nc6 3. d4 exd4 4. Nxd4 Nf6 5. Nxc6 bxc6 6. g3 Bb4 7. Bd2 O-O
8. Bg2 d5 9. O-O Re8 10. Re1 Bf5 11. a3 Bf8 12. b4 Ne4 13. Na4 Nxd2 14. Qxd2 g6
15. Rac1 Bd7 16. c4 a5 17. bxa5 Bxa3 18. Ra1 Qe7 19. cxd5 Bb4 20. Nc3 Qe5 21.
Rac1 Rxa5 22. dxc6 Bc8 23. Rc2 Rc5 24. Rec1 Be6 25. Qe3 Qxe3 26. fxe3 Bb3 27.
Rb2 Rxc3 28. Rxc3 Bxc3 29. Rxb3 Bd2 30. Kf2 Ba5 31. Bh3 f5 32. g4 fxg4 33. Bxg4
Rf8+ 34. Kg3 Be1+ 35. Kh3 Re8 36. Bd7 Re7 37. Kg4 Re4+ 38. Kf3 Rh4 39. h3 Rxh3+
40. Bxh3 1-0

[Event "Stuttgarter Stadtmeisterschaft 2010 A"]
[Site "Ditzingen"]
[Date "2010.05.14"]
[Round "4.29"]
[White "Bräuner, Uwe"]
[Black "Zikeli, Saskia"]
[Result "1-0"]
[WhiteElo "2122"]
[BlackElo "2033"]
[PlyCount "101"]
[EventDate "2010.??.??"]
[WhiteTeam "Erfurter Schachklub"]
[BlackTeam "SC Ingersheim e.V."]

1. d4 Nf6 2. Nf3 g6 3. Bg5 Ne4 4. Bh4 d5 5. e3 Bg7 6. Nbd2 Nxd2 7. Qxd2 O-O 8.
Bd3 Nd7 9. O-O c5 10. c3 b6 11. a4 Bb7 12. b4 Re8 13. Rfb1 c4 14. Bc2 a6 15.
Re1 Nf6 16. Ne5 Qc7 17. f3 Rad8 18. Re2 Nd7 19. Nxd7 Rxd7 20. e4 e5 21. exd5
Bxd5 22. Qe1 Re6 23. Bg3 f6 24. Rd1 Bb7 25. f4 Rde7 26. d5 Rd6 27. fxe5 fxe5
28. Bxe5 Bxe5 29. Rxe5 Rxe5 30. Qxe5 Qd8 31. Be4 Kf7 32. Bf3 Qe7 33. Qd4 b5 34.
axb5 axb5 35. Qc5 Qd7 36. h3 Ra6 37. Bg4 Qd6 38. Be6+ Ke7 39. Rf1 Qxc5+ 40.
bxc5 Rxe6 41. dxe6 Kxe6 42. Rd1 Bd5 43. Kf2 Ke5 44. g3 h5 45. Ke3 Be4 46. Rd6
Bd3 47. Rb6 Kd5 48. Rxb5 Kc6 49. Ra5 Bf5 50. h4 Bd3 51. Kd4 1-0

[Event "Stuttgarter Stadtmeisterschaft 2010 A"]
[Site "Ditzingen"]
[Date "2010.05.14"]
[Round "4.16"]
[White "Hagemann, Tim"]
[Black "Geshnizjani, Ramin Tobias"]
[Result "0-1"]
[WhiteElo "2164"]
[BlackElo "2077"]
[PlyCount "86"]
[EventDate "2010.??.??"]
[WhiteTeam "SC BW Kirchentellinsfurt"]
[BlackTeam "Heilbronner SV"]

1. d4 {[%emt 0:00:00]} Nf6 {[%emt 0:00:00]} 2. Nf3 c5 3. c3 e6 4. e3 d5 5. Bd3
Nc6 6. Nbd2 Bd6 7. O-O O-O 8. dxc5 Bxc5 9. e4 Qc7 10. Qe2 Re8 11. e5 Ng4 12.
Nb3 Bb6 13. Bf4 f6 14. Rae1 fxe5 15. Nxe5 Ncxe5 16. Bxe5 Nxe5 17. Qxe5 Qxe5 18.
Rxe5 Bc7 19. Re2 e5 20. Bb5 Re7 21. Rd2 a6 22. Be2 Be6 23. Nc5 Bf7 24. Nxb7 e4
25. Nc5 Bb6 26. b4 Bxc5 27. bxc5 Rc7 28. Bd1 Rxc5 29. Bb3 Rd8 30. f3 e3 31. Rd3
Rdc8 32. Rxe3 Rxc3 33. Rxc3 Rxc3 34. Rd1 d4 35. Bxf7+ Kxf7 36. Rd2 Ke6 37. Kf2
Kd5 38. Rb2 Kc4 39. Ke2 d3+ 40. Kd2 a5 41. Ke3 Rc1 42. Rb7 Re1+ 43. Kf2 d2 0-1

[Event "Stuttgarter Stadtmeisterschaft 2010 A"]
[Site "Ditzingen"]
[Date "2010.05.14"]
[Round "4.43"]
[White "Schmid, Eugen"]
[Black "Wagner, Dennis"]
[Result "0-1"]
[WhiteElo "1974"]
[BlackElo "2112"]
[PlyCount "80"]
[EventDate "2010.??.??"]
[WhiteTeam "SV Herrenberg e.V."]
[BlackTeam "Kasseler SK 1876"]

1. d4 Nf6 2. Nf3 e6 3. c4 Bb4+ 4. Bd2 Qe7 5. Nc3 Nc6 6. a3 Bxc3 7. Bxc3 Ne4 8.
Qc2 Nxc3 9. Qxc3 O-O 10. d5 Nb8 11. e3 d6 12. Bd3 e5 13. Qc2 f5 14. e4 f4 15.
Rc1 b6 16. b4 Bg4 17. c5 bxc5 18. bxc5 Bxf3 19. gxf3 Nd7 20. cxd6 cxd6 21. Qc7
Kf7 22. Rc6 Nc5 23. Ke2 Qxc7 24. Rxc7+ Kf6 25. Rc6 Rfd8 26. Rc1 Nb3 27. R1c4
Na5 28. Rb4 Nxc6 29. dxc6 Rac8 30. Bb5 d5 31. exd5 Rxd5 32. Ba4 Rd4 33. Rxd4
exd4 34. Kd3 Ke5 35. Kc4 Kd6 36. Kxd4 Re8 37. c7 Rc8 38. Bc2 h6 39. h4 Rxc7 40.
Be4 Rc5 0-1

[Event "Stuttgarter Stadtmeisterschaft 2010 A"]
[Site "Ditzingen"]
[Date "2010.05.14"]
[Round "4.59"]
[White "Paschmann, Stefan"]
[Black "Baumeister, Wolfgang"]
[Result "1/2-1/2"]
[WhiteElo "1913"]
[BlackElo "1881"]
[PlyCount "78"]
[EventDate "2010.??.??"]
[WhiteTeam "Krefelder Schachklub Turm 1851 e"]
[BlackTeam "SC Kreuzberg e.V."]

1. d4 Nf6 2. Nf3 b6 3. Bf4 Bb7 4. e3 e6 5. Bd3 Be7 6. h3 O-O 7. Nbd2 d5 8. c3
Nbd7 9. O-O c5 10. a4 a6 11. Qe2 Ne4 12. Ne5 Ndf6 13. Rfd1 Qc8 14. f3 Nxd2 15.
Rxd2 g6 16. Bh6 Re8 17. Qf2 Nh5 18. g4 Ng7 19. f4 f5 20. Qg3 Bf6 21. Rg2 Bxe5
22. fxe5 Re7 23. h4 Bc6 24. Rf1 Raa7 25. Bxg7 Rxg7 26. Bc2 a5 27. g5 c4 28. Rh2
Be8 29. Ra1 Qd7 30. Kf2 b5 31. axb5 Qxb5 32. Ra2 a4 33. Kf3 Qb8 34. Qe1 Rgb7
35. Qa1 Qa8 36. Bd1 Rb6 37. Kf4 Rba6 38. Ra3 Rb6 39. Rg2 Rba6 1/2-1/2

[Event "Stuttgarter Stadtmeisterschaft 2010 A"]
[Site "Ditzingen"]
[Date "2010.05.14"]
[Round "4.47"]
[White "Bergner, Philipp"]
[Black "Probst, Alexander"]
[Result "1/2-1/2"]
[WhiteElo "1884"]
[BlackElo "2024"]
[PlyCount "56"]
[EventDate "2010.??.??"]
[WhiteTeam "Mönchfelder SV 1967"]
[BlackTeam "SC Blau.Turm Bad Wimpfen"]

1. d4 Nf6 2. c4 e6 3. Nc3 Bb4 4. Qc2 O-O 5. a3 Bxc3+ 6. Qxc3 b6 7. Bg5 Bb7 8.
e3 d6 9. f3 Nbd7 10. Bd3 c5 11. Ne2 Rc8 12. O-O d5 13. cxd5 Nxd5 14. Bxd8 Nxc3
15. Bh4 Nxe2+ 16. Bxe2 cxd4 17. exd4 Rc2 18. Bb5 Nf6 19. Rf2 Rfc8 20. Bd3 R2c7
21. Rd2 Bd5 22. Ba6 Rc2 23. Rad1 R8c6 24. Bd3 Rc1 25. Rxc1 Rxc1+ 26. Kf2 Bb3
27. Bg3 Nd5 28. Be4 f5 1/2-1/2

[Event "Stuttgarter Stadtmeisterschaft 2010 A"]
[Site "Ditzingen"]
[Date "2010.05.14"]
[Round "4.28"]
[White "Bärner, Helmut"]
[Black "Sieker, Roland"]
[Result "1/2-1/2"]
[WhiteElo "2126"]
[BlackElo "2050"]
[PlyCount "30"]
[EventDate "2010.??.??"]
[WhiteTeam "SC Tamm 74"]
[BlackTeam "Mönchfelder SV 1967"]

1. d4 e5 2. dxe5 Nc6 3. Nf3 Qe7 4. Bd2 Nxe5 5. Nxe5 Qxe5 6. Bc3 Qe6 7. e3 Nf6
8. Bd3 d5 9. O-O Bd6 10. Nd2 Ne4 11. Nxe4 dxe4 12. Be2 Bd7 13. Qd4 Qg6 14. Rfd1
O-O 15. Qd5 Bc6 1/2-1/2

[Event "Stuttgarter Stadtmeisterschaft 2010 A"]
[Site "Ditzingen"]
[Date "2010.05.14"]
[Round "4.37"]
[White "Günthner, Arthur"]
[Black "Häcker, Sonja"]
[Result "0-1"]
[WhiteElo "1897"]
[BlackElo "2064"]
[PlyCount "50"]
[EventDate "2010.??.??"]
[WhiteTeam "Mönchfelder SV 1967"]
[BlackTeam "SV Stuttgart-Wolfbusch 1956 e.V."]

1. d4 d5 2. c4 e6 3. Nc3 Nf6 4. cxd5 exd5 5. Bg5 c6 6. e3 Be7 7. Qc2 O-O 8. Bd3
Nbd7 9. Nf3 Re8 10. O-O Nf8 11. a3 g6 12. b4 a6 13. Rfb1 Ne6 14. Bh4 Ng7 15. a4
Bf5 16. b5 axb5 17. axb5 Rxa1 18. Rxa1 Ne4 19. Bxe7 Qxe7 20. bxc6 bxc6 21. Ne2
Nxf2 22. Bxf5 Nxf5 23. Kxf2 Qxe3+ 24. Ke1 Nxd4 25. Nfxd4 Qxd4 0-1

[Event "Stuttgarter Stadtmeisterschaft 2010 A"]
[Site "Ditzingen"]
[Date "2010.05.14"]
[Round "4.39"]
[White "Baskin, Robert"]
[Black "Stanescu, Christian"]
[Result "0-1"]
[WhiteElo "1828"]
[BlackElo "2140"]
[PlyCount "56"]
[EventDate "2010.??.??"]
[WhiteTeam "SAbt TuS Makkabi Ffm"]
[BlackTeam "SAbt TSF Ditzingen"]

1. e4 c5 2. Nf3 d6 3. d4 cxd4 4. Nxd4 Nf6 5. Nc3 a6 6. a4 b6 7. Bc4 e6 8. O-O
Be7 9. f4 Qc7 10. Qe2 O-O 11. f5 e5 12. Nf3 Bb7 13. Bg5 Nbd7 14. g4 h6 15. Bh4
d5 16. exd5 Bc5+ 17. Kh1 Nxg4 18. Ne4 Ne3 19. Nxc5 Qxc5 20. Rg1 Nxc4 21. Qg2 g6
22. fxg6 f6 23. Qh3 Qxd5 24. Rgf1 Ne3 25. Rf2 Kg7 26. Rg1 Nc5 27. c4 Nxc4 28.
Rgg2 Bc8 0-1